000 00837nam a22002177a 4500
003 OSt
005 20250627103445.0
008 210210s2014 sp ||||gr|||| 00| 0 spa d
020 _a9789806523852
040 _aCO-JMCR
_cCO-JMCR
041 0 _aspa
082 0 4 _aA-P
_bALVa
_223
100 1 _aAlvarado Tenorio, Harold,
_eautor
_913267
245 1 0 _aAjustes de cuentas /
_cHarold Alvarado Tenorio
260 _aPalma de Mallorca :
_bAgatha,
_c2014
300 _a660 páginas ;
_c21 cm.
520 0 _aNo voy a definir al odiado y odioso Harold Alvarado Tenorio en un par de adjetivos calificativos: quedaría faltando el poeta, capaz de rotundas sentencias heraclitianas o de versos sueltos con el aire límpido del chino Li Bai.
650 2 4 _aPoesía colombiana
_913268
650 2 4 _aLiteratura colombiana
_913269
942 _2ddc
_cBK
999 _c7150
_d7150